Panorama of Harappan civilization / (Record no. 131104)

MARC details
000 -LEADER
fixed length control field 00796nam a22002537a 4500
005 - DATE AND TIME OF LATEST TRANSACTION
control field 20170124110122.0
010 ## - LIBRARY OF CONGRESS CONTROL NUMBER
LC control number B-181183
020 ## - INTERNATIONAL STANDARD BOOK NUMBER
Terms of availability 795.00
International Standard Book Number 9788174790576
035 ## - SYSTEM CONTROL NUMBER
System control number B-181183
037 ## - SOURCE OF ACQUISITION
Source of stock number/acquisition Cen Lib/Ret
040 ## - CATALOGING SOURCE
Original cataloging agency DPL
Language of cataloging EN
082 ## - DEWEY DECIMAL CLASSIFICATION NUMBER
Classification number 954.01
Item number SHA
100 ## - MAIN ENTRY--PERSONAL NAME
Personal name Sharma, D. P.
9 (RLIN) 15515
245 ## - TITLE STATEMENT
Title Panorama of Harappan civilization /
Statement of responsibility, etc by D. P. Sharma [and] Madhuri Sharma
246 ## - VARYING FORM OF TITLE
Remainder of title
260 ## - PUBLICATION, DISTRIBUTION, ETC. (IMPRINT)
Name of publisher, distributor, etc Kaveri Books
Date of publication, distribution, etc 2003
Place of publication, distribution, etc New Delhi
270 ## - ADDRESS
Address 4697/5-21A, Ansari Road, Darya Ganj
City New Delhi
Postal code 110002
300 ## - PHYSICAL DESCRIPTION
Extent x,209p. :
Dimensions 23cm(Hb)
Other physical details ill.
500 ## - GENERAL NOTE
General note Includes bibliographical references<br/><br/>
650 ## - SUBJECT ADDED ENTRY--TOPICAL TERM
Topical term or geographic name as entry element Indus civilization
9 (RLIN) 27198
650 ## - SUBJECT ADDED ENTRY--TOPICAL TERM
Topical term or geographic name as entry element India -- Antiquities
9 (RLIN) 19756
700 ## - ADDED ENTRY--PERSONAL NAME
Personal name Sharma, Madhuri
9 (RLIN) 30847
942 ## - ADDED ENTRY ELEMENTS (KOHA)
Source of classification or shelving scheme Dewey Decimal Classification
Koha item type English Books
Classification part 954.01
Call number suffix SHA
Holdings
Withdrawn status Lost status Damaged status Not for loan Home library Current library Date acquired Source of acquisition Cost, normal purchase price Total Checkouts Full call number Barcode Date last seen Date checked out Copy number Cost, replacement price Price effective from Koha item type
        Central Library Central Library 13/07/2015 Cen Lib/Ret 795.00 8 954.01 SHA B-181183 05/10/2019 21/09/2019 1 795.00 13/07/2015 English Books

© Delhi Public Library
Hit Counter
free hit counter